[Event "SVK-chT2A 1516"]
[Site "Slovakia"]
[Date "2015.12.05"]
[Round "5.5"]
[White "Sturdik, Igor"]
[Black "Pericka, Tomas"]
[Result "1/2-1/2"]
[WhiteElo "1973"]
[BlackElo "1994"]
[PlyCount "88"]
[EventDate "2015.10.17"]
[EventType "team-tourn"]
[EventRounds "11"]
[EventCountry "SVK"]
[SourceTitle "CBM 169 Extra"]
[Source "ChessBase"]
[SourceDate "2015.12.18"]
[SourceVersion "1"]
[SourceVersionDate "2015.12.18"]
[SourceQuality "1"]
[WhiteTeam "Trnava Lokomotiva II"]
[BlackTeam "Osuske II"]
[WhiteTeamCountry "SVK"]
[BlackTeamCountry "SVK"]

1. e4 c5 2. Nf3 Nc6 3. d4 cxd4 4. Nxd4 g6 5. Nc3 Bg7 6. Be3 Nf6 7. f3 Qa5 8. Nb3 Qc7 9. Qd2 a6 10. 0-0-0 b5 11. Bh6 0-0 12. h4 d6 13. h5 Be6 14. g4 Ne5 15. Bxg7 Kxg7 16. Be2 Rfc8 17. h6+ Kg8 18. g5 b4 19. Nb1 Ne8 20. f4 Nc4 21. Bxc4 Qxc4 22. Qd3 Qxd3 23. Rxd3 a5 24. Kd2 a4 25. Nc1 d5 26. Rd4 dxe4 27. Rxb4 e3+ 28. Kxe3 Rxc2 29. a3 Nc7 30. Nc3 f6 31. N1e2 Bb3 32. Rb1 fxg5 33. fxg5 Ne6 34. Nd4 Nxd4 35. Kxd4 Rg2 36. Rb5 Rd8+ 37. Ke3 Bc4 38. Re5 Rd3+ 39. Kf4 Rf2+ 40. Kg4 Rdf3 41. Ne4 Rf4+ 42. Kg3 R4f3+ 43. Kg4 Rf4+ 44. Kg3 R4f3+ 1/2-1/2

[Event "SVK-chT3A2 1516"]
[Site "Slovakia"]
[Date "2015.11.29"]
[Round "4.2"]
[White "Jozefek, Michal"]
[Black "Sturdik, Igor"]
[Result "0-1"]
[WhiteElo "2213"]
[BlackElo "1994"]
[PlyCount "72"]
[EventDate "2015.10.11"]
[EventType "team-tourn"]
[EventRounds "11"]
[EventCountry "SVK"]
[SourceTitle "EXT 2020"]
[Source "ChessBase"]
[SourceDate "2019.10.17"]
[SourceVersion "1"]
[SourceVersionDate "2019.10.17"]
[SourceQuality "1"]
[WhiteTeam "Skalica II"]
[BlackTeam "Trnava Lokomotiva III"]
[WhiteTeamCountry "SVK"]
[BlackTeamCountry "SVK"]

1. d4 Nf6 2. c4 c5 3. d5 e6 4. Nc3 exd5 5. cxd5 d6 6. e4 g6 7. f4 Bg7 8. Bb5+ Nfd7 9. a4 Na6 10. Nf3 Nb4 11. 0-0 a6 12. Bd3 0-0 13. h3 Re8 14. Re1 b6 15. Be3 Bb7 16. g4 Rc8 17. Ra3 Nxd3 18. Qxd3 c4 19. Qc2 Nc5 20. Bd4 Nd3 21. Rf1 Nxf4 22. Qd2 Bxd4+ 23. Nxd4 Nxh3+ 24. Kh2 Ng5 25. Nc6 Bxc6 26. dxc6 Nxe4 27. Nxe4 Rxe4 28. Rh3 Qf8 29. Qd5 Rxg4 30. Rxh7 Rc7 31. Rh3 Qg7 32. Qd2 Rxc6 33. Re1 Rc8 34. Re7 Qf6 35. Qe1 Qxb2+ 36. Re2 Re4 0-1

[Event "SVK-chT2A 1516"]
[Site "Slovakia"]
[Date "2015.10.17"]
[Round "1.4"]
[White "Sturc, Jan"]
[Black "Sturdik, Igor"]
[Result "1/2-1/2"]
[WhiteElo "2047"]
[BlackElo "1973"]
[PlyCount "52"]
[EventDate "2015.10.17"]
[EventType "team-tourn"]
[EventRounds "11"]
[EventCountry "SVK"]
[SourceTitle "CBM 169 Extra"]
[Source "ChessBase"]
[SourceDate "2015.12.18"]
[SourceVersion "1"]
[SourceVersionDate "2015.12.18"]
[SourceQuality "1"]
[WhiteTeam "Bratislava DP"]
[BlackTeam "Trnava Lokomotiva II"]
[WhiteTeamCountry "SVK"]
[BlackTeamCountry "SVK"]

1. e4 Nf6 2. e5 Nd5 3. d4 d6 4. Nf3 Nc6 5. c4 Nb6 6. exd6 exd6 7. d5 Ne5 8. Nc3 Bg4 9. Be2 Nxf3+ 10. gxf3 Bh5 11. Qd4 Qd7 12. Qh4 Bg6 13. Qd4 a6 14. Be3 Be7 15. Qxg7 0-0-0 16. a4 Qf5 17. Qd4 Bf6 18. Qd2 Rde8 19. Ne4 Nd7 20. Ng3 Qe5 21. 0-0-0 Nc5 22. Bxc5 dxc5 23. f4 Qe7 24. Rhe1 Qd7 25. f5 Bxf5 26. Nxf5 Qxf5 1/2-1/2

[Event "SVK-chT2A 1415"]
[Site "Slovakia"]
[Date "2015.02.14"]
[Round "8.7"]
[White "Sturdik, Igor"]
[Black "Vrtiakova, Anna"]
[Result "1/2-1/2"]
[WhiteElo "1990"]
[BlackElo "1966"]
[PlyCount "101"]
[EventDate "2014.10.11"]
[EventType "team-tourn"]
[EventRounds "11"]
[EventCountry "SVK"]
[SourceTitle "EXT 2016"]
[Source "ChessBase"]
[SourceDate "2015.10.08"]
[SourceVersion "1"]
[SourceVersionDate "2015.10.08"]
[SourceQuality "1"]
[WhiteTeam "Trnava Lokomotiva II"]
[BlackTeam "Bratislava KSN"]
[WhiteTeamCountry "SVK"]
[BlackTeamCountry "SVK"]

1. e4 c5 2. Nf3 d6 3. d4 cxd4 4. Nxd4 Nf6 5. Nc3 a6 6. Bg5 e6 7. f4 Be7 8. Qf3 Nbd7 9. 0-0-0 0-0 10. Bd3 Qc7 11. Rhe1 b5 12. e5 dxe5 13. Ndxb5 Qb7 14. Qxb7 Bxb7 15. fxe5 axb5 16. exf6 Nxf6 17. Bxb5 Bxg2 18. Rg1 Bb7 19. Bh6 Nd5 20. Bxg7 Rfc8 21. Nxd5 Bxd5 22. Bf6+ Kf8 23. Bxe7+ Kxe7 24. a3 Rc5 25. Bd3 Ra4 26. Bxh7 Rh4 27. Bd3 Rxh2 28. Rd2 Rh8 29. Re1 Rf8 30. Bf1 Bb7 31. b4 Rc7 32. c4 f5 33. c5 f4 34. Bc4 Rf6 35. Rde2 Bc8 36. Kc2 Rg6 37. Rf2 Rf6 38. Re4 f3 39. Re3 Bb7 40. Bd3 Rc8 41. Be4 Bxe4+ 42. Rxe4 Rf5 43. a4 e5 44. Kd3 Ke6 45. Kc4 Rg8 46. Kd3 Kd5 47. Ke3 Rg1 48. Rxf3 Re1+ 49. Kd2 Rxe4 50. Rxf5 Rxb4 51. c6 1/2-1/2